| 000 | 00536nam a2200181Ia 4500 | ||
|---|---|---|---|
| 003 | OSt | ||
| 005 | 20260325110402.0 | ||
| 008 | 211028s2006 xx 000 0 und d | ||
| 040 | _cAIMIT LIBRARY | ||
| 041 | _aeng | ||
| 082 | _a658.15 CUNR | ||
| 100 |
_aDcunha, Ryan Wilson;Dias, Beena. _g40911113 _95620 |
||
| 245 | _aA study on unit linked insurance plans with special reference to life insurance Corporation of India / | ||
| 260 |
_bDias, Beena _c2006 |
||
| 600 |
_aFinance _95621 |
||
| 650 |
_aFinance _95622 |
||
| 942 |
_2ddc _cPRO |
||
| 999 |
_c217965 _d217965 |
||